000
00318nam a22001217a 4500
999
_c
4424
_d
4424
008
250217b ||||| |||| 00| 0 eng d
020
_a
9781406382716
082
_a
571.8
100
_a
JENKINS,MARTIN
_e
AUTHOR
245
_a
CATERPILLAR
260
_a
87 VAUXHALL WALK,LONDON SE11 5HJ
_b
WALKER BOOKS LTD
_c
2019
942
_2
ddc